Business communication : (Record no. 554436)

000 -LEADER
fixed length control field 00719cam a2200193 a 4500
020 ## - INTERNATIONAL STANDARD BOOK NUMBER
International Standard Book Number 0072932104 (alk. paper)
020 ## - INTERNATIONAL STANDARD BOOK NUMBER
International Standard Book Number 9780072932102 (alk. paper)
082 00 - DEWEY DECIMAL CLASSIFICATION NUMBER
Classification number 651.7
Author Mark LOC
-- N-02,P-101
100 1# - MAIN ENTRY--PERSONAL NAME
Personal name Locker, Kitty O.
9 (RLIN) 36096
245 10 - TITLE STATEMENT
Title Business communication :
Remainder of title building critical skills /
Statement of responsibility, etc. Kitty O. Locker, Stephen Kyo Kaczmarek.
250 ## - EDITION STATEMENT
Edition statement 3rd ed.
260 ## - PUBLICATION, DISTRIBUTION, ETC.
Place of publication, distribution, etc. Boston, Mass. :
Name of publisher, distributor, etc. McGraw-Hill,
Date of publication, distribution, etc. c2007.
300 ## - PHYSICAL DESCRIPTION
Extent xxvi, 559 p. :
Other physical details ill. ;
Dimensions 28 cm.
500 ## - GENERAL NOTE
General note Various multi-media instructional resources are available to supplement the text.
526 ## - STUDY PROGRAM INFORMATION NOTE
Program name 0
Interest level 0
Reading level 0
Title point value 651_700000000000000_LOC
650 #0 - SUBJECT ADDED ENTRY--TOPICAL TERM
Topical term or geographic name entry element Business communication.
9 (RLIN) 29717
700 1# - ADDED ENTRY--PERSONAL NAME
Personal name Kaczmarek, Stephen Kyo.
9 (RLIN) 36097
942 ## - ADDED ENTRY ELEMENTS (KOHA)
Source of classification or shelving scheme
Koha item type Book
Holdings
Withdrawn status Lost status Source of classification or shelving scheme Damaged status Not for loan Permanent Location Current Location Date acquired Total Checkouts Full call number Barcode Date last seen Price effective from Koha item type
          Military College of Engineering (MCE) Military College of Engineering (MCE) 11/16/2020   651.7 LOC MCE-51489 11/16/2020 11/16/2020 Book
© 2023 Central Library, National University of Sciences and Technology. All Rights Reserved.